LEADER 01291nam a2200253 i 4500 001 000000128461 003 CaOOAMICUS 005 20040723000000.0 008 040723s1965 it u000 u ita u 013 $a101188 040 $aSeMil$bita 245 13$aLa decorazione della tomba di Seti 1. nella Valle dei Re /$ctesto di Sergio Donadoni. 260 $aGinevra :$bSkira,$ccopyr. 1965. 260 $aMilano :$bFratelli Fabbri Editori,$ccopyr. 1965. 300 $a40 p. :$bill. ;$c36 cm. 490 0 $aL'arte racconta : le grandi imprese decorative nell'artedi tutti i tempi ;$v43.[18] 650 4$aSeti I - Tomba - Affreschi.$0(OLS)http://semarc/subject/25378 700 1 $aDonadoni, Sergio,$d<1914-2015>.$0(OLS)http://semarc/name/17118 830 2$aL'arte racconta : le grandi imprese decorative nell'artedi tutti i tempi ;$v43.[18].$0(OLS)http://semarc/title/15814 850 $aSeMil 852 $aSeMil$W1$xVenegono$y1$m5J VII 18/43$j82685$B82685$CSeMilBibl$Z2$F85027 $81 996 $6245$aLa decorazione della tomba di Seti 1. nella Valle dei Re$9(OLS)http://semarc/title/189866 996 $6260$aMilano :$bFratelli Fabbri Editori$9(OLS)http://semarc/publisher/29845 996 $6260$aGinevra :$bSkira$9(OLS)http://semarc/publisher/33287 LEADER 01717nam a2200277 i 4500 001 000000027694 003 CaOOAMICUS 005 20210525100810.0 008 180830s1794 it u000 u lat u 040 $aSeMil$bita 110 2 $aChiesa Cattolica.$0(OLS)http://semarc/name/987 245 10$aBreviarium romanum ex decreto sacrosancti Concilii Trident. restitutum S. Pii 5. pontificis maximi jussu editum Clementis 8. et Urbani 8. auctoritate recognitum cum officiis sanctorum novissime per summos pontifices usque ad hanc diem concessis; in quatuor anni tempora divisum. 264 1$aTaurini :$bEx Typographia Regia,$c1794. 300 $a4 v. ;$c12°. 500 $aFront. e testo stampati in rosso e nero 500 $aVignetta xilogr. con emblemi vescovili su tutti i front. 650 4$aLibri liturgici - Liturgia delle Ore - Rito romano.$0(OLS)http://semarc/subject/59247 650 4$aLibri liturgici - Breviario romano.$0(OLS)http://semarc/subject/59263 710 2 $aStamperia reale$b.$0(OLS)http://semarc/name/3143 774 0 $tPars autumnalis. A dominica 1. Septembris usque ad Domin. advent.$w()249754 774 0 $tPars hiemalis. a dominica 1. Advenuts usque ad domin. 1 Quadrag.$w()249755 910 2 $aSanta Sede. 996 $6245$aBreviarium romanum ex decreto sacrosancti Concilii Trident. restitutum S. Pii 5. pontificis maximi jussu editum Clementis 8. et Urbani 8. auctoritate recognitum cum officiis sanctorum novissime per summos pontifices usque ad hanc diem concessis; in quatuor anni tempora divisum$9(OLS)http://semarc/title/37512 996 $6264$aTaurini :$bEx Typographia Regia$9(OLS)http://semarc/publisher/31725